[Event "Sterlitamak op"]
[Site "Sterlitamak"]
[Date "2010.06.27"]
[Round "4"]
[White "Balakhontsev, Evgeny"]
[Black "Mikhailov, Vladimir V"]
[Result "1-0"]
[WhiteElo "1933"]
[BlackElo "1797"]
[PlyCount "76"]
[EventDate "2010.06.24"]
[EventType "swiss"]
[EventRounds "9"]
[EventCountry "RUS"]
[SourceTitle "CBM 137 Extra"]
[Source "ChessBase"]
[SourceDate "2010.09.01"]
[SourceVersion "1"]
[SourceVersionDate "2010.09.01"]
[SourceQuality "1"]

1. e4 e5 2. Nf3 Nc6 3. Bb5 Nge7 4. 0-0 g6 5. d4 exd4 6. Nxd4 Bg7 7. c3 0-0 8. Bg5 h6 9. Bh4 a6 10. Ba4 Ne5 11. f4 Nc4 12. Qe2 Bxd4+ 13. cxd4 Nd6 14. Nc3 Ne8 15. e5 f6 16. exf6 Nxf6 17. Rae1 Nf5 18. Bf2 d5 19. g4 Nd6 20. g5 Nfe4 21. gxh6 Bh3 22. Nxd5 Bxf1 23. Qg4 Kh7 24. Bh4 Bh3 25. Qxh3 g5 26. fxg5 Nxg5 27. Bc2+ Kh8 28. Qg3 Ndf7 29. Ne7 Qxd4+ 30. Kh1 Qf6 31. Ng6+ Kg8 32. Nxf8 Rxf8 33. Rg1 Qc6+ 34. Qg2 Qxg2+ 35. Rxg2 Re8 36. Bxg5 Re1+ 37. Rg1 Rxg1+ 38. Kxg1 Nxg5 1-0